Temps et récit

Guardat en:
Dades bibliogràfiques
Autor principal: Ricoeur, paul (Autor)
Format: Llibre
Idioma:francès
Publicat: París Du Seuil 1983
Col·lecció:L'Ordre Philosophique
Matèries:
Etiquetes: Afegir etiqueta
Sense etiquetes, Sigues el primer a etiquetar aquest registre!

MARC

LEADER 00000nam a2200000 a 4500
001 UCL3675
003 CL-VaPUC
008 031205e19830000FR |||||||||||||||||fre|d
020 |a 2020063727 
020 |a 2020063644v.1 
020 |a 2020069636v.2 
020 |a 2020089815v.3 
082 0 4 |a 401.43  |b RIC  |2 21 
100 0 |a Ricoeur, paul  |e author  |9 446 
245 1 0 |a Temps et récit 
300 |a v 
942 |c BK 
945 |d 20031205 00:00:00  |a cmena 
260 |a París  |b Du Seuil  |c 1983 
500 |a FONDO FOMENTO ACTUALIZACION DOCENTE 
500 |a v.2: La configuration du temps dans le récit de fiction 
500 |a v.3: Le temps raconté 
650 0 |a Filosofía del lenguaje  |9 257082 
650 0 |a Semántica  |9 265318 
650 0 |a Análisis del discurso  |9 256696 
650 0 |a Retórica   |9 266620 
583 |a last modification  |c 20031205 00:00:00  |k Rodrigo Vera 
490 0 |a L'Ordre Philosophique 
999 |c 306688  |d 306686 
952 |0 0  |1 0  |4 0  |6 401_430000000000000_RIC_1983  |7 0  |8 P  |9 371877  |a BIBARQ  |b BIBARQ  |d 2019-11-21  |h v.1  |i 3971384  |o 401.43 RIC 1983  |p 3971384  |r 2025-01-20  |w 2019-11-21  |y BK  |k ARQ 
952 |0 0  |1 0  |4 0  |6 401_430000000000000_RIC_1983  |7 0  |8 P  |9 371878  |a BIBARQ  |b BIBARQ  |d 2019-11-21  |h v.2  |i 3971392  |o 401.43 RIC 1983  |p 3971392  |r 2025-01-20  |w 2019-11-21  |y BK  |k ARQ 
952 |0 0  |1 0  |4 0  |6 401_430000000000000_RIC_1983  |7 0  |8 P  |9 371879  |a BIBARQ  |b BIBARQ  |d 2019-11-21  |h v.3  |i 3971406  |o 401.43 RIC 1983  |p 3971406  |r 2025-01-20  |w 2019-11-21  |y BK  |k ARQ